000 01002cam a2200301 a 4500
001 2469647
003 OSt
005 20140310181635.0
008 901115s1991 ilua 001 0 eng
010 _a 90024891
020 _a0880114223 :
_c$16.95 ($20.95 Can.)
040 _aDLC
_cDLC
_dDLC
050 0 0 _aGV885.3
_b.K68 1991
082 0 0 _a796.323/077
_220
100 1 _aKrause, Jerry,
_d1936-
245 1 0 _aBasketball skills & drills /
_cJerry V. Krause.
260 _aChampaign, Ill. :
_bLeisure Press,
_cc1991.
300 _avii, 123 p. :
_bill. ;
_c28 cm.
521 _aFourth year high school and above
526 _c1110L to 1700L
541 _j1
562 _eFor circulation. One copy available in the collection
650 0 _aBasketball
_xCoaching.
740 0 _aBasketball skills and drills.
906 _a7
_bcbc
_corignew
_d1
_eocip
_f19
_gy-gencatlg
942 _2lcc
_cBK
_kTR
999 _c664
_d664